Montesquieu (Registro nro. 320056)

Detalles MARC
000 -ENCABEZADO
Número de control [NR] 00923nam a2200253 a 4500
005 - FECHA Y HORA DE LA ÚLTIMA TRANSACCIÓN
control field 20211118143311.0
008 - DE LONGITUD FIJA DE DATOS DE ELEMENTOS - INFORMACIÓN GENERAL
Elementos de longitud fija [NR] 120830s2004 fr |||gr|||| 00| 0 fre d
020 ## - NUMERO INTERNACIONAL NORMALIZADO PARA LIBROS [R]
Número Internacional Normalizado del libro [NR] 9782130529354
040 ## - FUENTE DE CATALOGACION [NR]
Agencia de catalogación original [NR] CO-BoUCM
Idioma de catalogación [NR] spa
Quien Cataloga Deissy Garcia
Quien Clasifica Deissy Garcia
041 0# - CODIGO DE IDIOMA [R]
Código de idioma para texto/pista de sonido o título separado [R] Francés
100 ## - ASIENTO PRINCIPAL--NOMBRE PERSONAL [NR]
Nombre personal [NR] Spector, Céline
ID Autoridad 140014
245 10 - MENCION DE TITULO [NR]
Título [NR] Montesquieu
Parte restante del título [NR] pouvoirs, richesses et sociétés
Mención de responsabilidad, etc. [NR] Céline Spector
260 ## - PUBLICACION, DISTRIBUCION, ETC. (PIE DE IMPRENTA) [R]
Lugar de publicación, distribución, etc. [R] París
Nombre del editor, distribuidor, etc. [R] Presses universitaires de France
Fecha de publicación, distribución, etc. [R] 2004
300 ## - DESCRIPCION FISICA [R]
Extensión [R] 302 páginas
490 0# - MENCION DE SERIE [R]
Mención de serie [R] Fondements de la politique
ISBN [NR] 1242-8124
504 ## - NOTA DE BIBLIOGRAFIA, ETC. [R]
Nota de bibliografía, etc. [NR] Incluye referencias bibliográficas
600 10 - ASIENTO SECUNDARIO DE MATERIA - NOMBRE PERSONAL [R]
Nombre personal [NR] Montesquieu
Fechas asociadas con el nombre [NR] 1689-1755
Subdivisión general [R] Crítica e interpretación
9 (RLIN) 172167
650 #7 - ASIENTO SECUNDARIO DE MATERIA - TERMINO TEMATICO [R]
9 (RLIN) 15841
Término temático o nombre geográfico como elemento de entrada [NR] Filosofía política
650 #7 - ASIENTO SECUNDARIO DE MATERIA - TERMINO TEMATICO [R]
9 (RLIN) 7786
Término temático o nombre geográfico como elemento de entrada [NR] Liberalismo
650 #7 - ASIENTO SECUNDARIO DE MATERIA - TERMINO TEMATICO [R]
9 (RLIN) 24718
Término temático o nombre geográfico como elemento de entrada [NR] Sociedad civil
651 10 - ASIENTO SECUNDARIO DE MATERIA - NOMBRE GEOGRAFICO [R]
Nombre geográfico [NR] Francia
Subdivisión general [R] Política y gobierno
Subdivisión cronológica [R] Siglo XVIII
9 (RLIN) 172168
942 ## - ELEMENTOS DE ENTRADA AGREGADOS (KOHA)
Tipo de ítem principal el descrito en 300a Libro
Sistema de clasificación DEWEY
Tema principal Filosofía
Edición 1
Clasificación 194
Título oculto en OPAC No
Parte restante de la signatura top. S741m
Existencias
Signatura topográfica Código de barras Última vez visto Ejemplar Costo de reposición Price effective from Tipo de ítem Perdido Sistema de clasificación Dañado No prestable Tipo de ítem específico Suprimido Ubicación habitual Ubicación actual Localización Fecha de creación Proveedor Forma de adquisición Costo
194 S741m 100168586 05/12/2025 Ej.1 148225.00 12/11/2021 Libro   DEWEY     Libro   Claustro Claustro 2do piso 12/11/2021 157 Compra 148225.00